Statystyki dla Sąsiedzi Europy

Kliknij tutaj aby rozwiązać quiz!

Ogólne statystyki

  • Ten quiz został rozwiązany 125 razy
  • Średni wynik to 7 z 10

Statystyki odpowiedzi

ZagadnienieOdpowiedź% Poprawnych
Rosja graniczy z Litwą.Prawda
88%
Ilu sąsiadów ma Polska?7
85%
Liechtenstein ma 1 sąsiada.Fałsz
84%
Ilu sąsiadów ma Irlandia?1
83%
Ilu sąsiadów ma Mołdawia?2
72%
Norwegia graniczy z Rosją.Prawda
70%
Węgry graniczą z Ukrainą.Prawda
58%
Wielka Brytania graniczy z Hiszpanią.Prawda
49%
Ilu sąsiadów mają Włochy?6
38%
Ilu sąsiadów ma Łotwa?4
23%

Rozkład punktacji

Percentyl według liczby udzielonych odpowiedzi

Procent ludzi z każdym wynikiem

Twoja historia wyników

Nie rozwiązałeś tego quizu